000 00814nam a22002657a 4500
003 UA-OsUOA
001 36963
007 ta
008 20060217b un ||||| |||| 00| 0 ukr d
090 _a101
_bВ11
942 _cMG
040 _aUA-OsUOA
_brus
_cUA-OsUOA
_dUA-OsUOA
245 _aВопросы философии
_bЖурнал издается под руководством Президиума Российской академии наук
_cГлав. ред. Лекторский В.А.
300 _a192 с.
955 _a0
041 _arus
080 _a101
022 _a0042-8744
260 _aМ.
_bНаука
246 3 1 _aНаучно-теоретический журнал
_n
044 _aRU
962 _a1947
099 _a70156
650 7 _a1 Філософські науки
_2UDC
999 _c323190
_d323190